Normal view
MARC view
Entry Personal Name
001 - CONTROL NUMBER
- control field: 30364
003 - CONTROL NUMBER IDENTIFIER
- control field: dpl
005 - DATE AND TIME OF LATEST TRANSACTION
- control field: 20110728160833.0
008 - FIXED-LENGTH DATA ELEMENTS
- fixed length control field: 110728|||a|||||| | ||| d
040 ## - CATALOGING SOURCE
- Original cataloging agency: dpl
- Transcribing agency: dpl
100 ## - HEADING--PERSONAL NAME
- Personal name: Chakraborty, Bimalendra
670 ## - SOURCE DATA FOUND
- Source citation: Work cat.: (dpl)50465: Chakraborty, Bimalendra , The bird of mind /, 2009
670 ## - SOURCE DATA FOUND
- Source citation: Work cat.: (dpl)50465: Chakraborty, Bimalendra , The bird of mind /, 2009
